| 000 | 00607nam a2200181Ia 4500 | ||
|---|---|---|---|
| 008 | 190422s9999 xx 000 0 und d | ||
| 100 | _aStefanone, Michael A | ||
| 245 | 2 | _aA social cognitive approach to traditional media content and social media use: Selfie-related behavior as competitive strategy / | |
| 245 | _cMichael A Stefanone, Zhiying Yue and Zena Toh.-- | ||
| 260 | _bSage | ||
| 260 | _c2019 | ||
| 300 | _apages 317-335, February 2019 | ||
| 440 |
_aNew Media & Society _v21(2) |
||
| 650 | _aMass Media | ||
| 650 | _aReality Telivision | ||
| 650 | _aSelf Cognitive | ||
| 650 | _aSelf Worth | ||
| 999 |
_c361434 _d361434 |
||